Yüklüyor......

Financial Management : Text,Problems and Cases

Detaylı Bibliyografya
Asıl Yazarlar: M Y Khan, P.K.Jain
Materyal Türü: Printed Book
Baskı/Yayın Bilgisi: New Delhi Tata McGraw Hill Publishing Company 2005
Edisyon:Ed.7
Konular:
LEADER 00740nam a22001697a 4500
020 |a 0 058340 4 
082 |a 658.15  |b KHA/F 
100 |a M Y Khan  |9 169093 
100 |a P.K.Jain  |9 169094 
245 |a Financial Management : Text,Problems and Cases 
250 |a Ed.7 
260 |a New Delhi  |b Tata McGraw Hill Publishing Company  |c 2005  
650 |a Financial Management   |9 169095 
942 |c BBK 
999 |c 187871  |d 187867 
952 |0 0  |1 0  |4 0  |6 658_150000000000000_KHA_F  |7 0  |8 NFIC  |9 187353  |a SMBS  |b SMBS  |c GEN  |d 2015-11-19  |l 4  |m 0  |o 658.15 KHA/F  |p SMBSS244  |r 2019-11-05  |s 2019-10-17  |w 2019-10-16  |y BBK 
952 |0 0  |1 0  |4 0  |6 658_150000000000000_KHA_F  |7 0  |8 FM  |9 187354  |a SMBS  |b SMBS  |c GEN  |d 2017-12-08  |g 745.00  |l 3  |o 658.15 KHA/F  |p SMBSS1633  |r 2019-10-31  |s 2019-10-21  |w 2017-12-08  |y BBK